000 00596nam a2200229Ia 4500
003 OSt
005 20220925223520.0
006 a|||||r|||| 00| 0
007 ta
008 220923b |||||||| |||| 00| 0 eng d
020 _a0415069882
037 _cGeneral Book
040 _aRTL
_cRTL
_beng
041 _2eng
_aeng
082 _aY16, N2
100 _aPorter David Ed.
_9289859
245 0 _aBetween men and feminism
260 _aLondon
_bRoutledge
_c1992
300 _axiv, 186p
_ccm.
942 _hY16, N2
_cGB
_2CC
999 _c579762
_d579762